| 000 | 00348nam a2200145Ia 4500 | ||
|---|---|---|---|
| 008 | 230711s9999||||xx |||||||||||||| ||und|| | ||
| 041 | _aENG | ||
| 082 |
_a624 _bKO-P |
||
| 100 | _aKoukal,J | ||
| 245 | 0 | _aPhysics of solid surfaces 1984 | |
| 250 | _a1st | ||
| 260 |
_c1985 _aNew Delhi _bElsevier Science Publishers |
||
| 650 | _aPhysics | ||
| 942 | _cBK | ||
| 999 |
_c1201 _d1201 |
||